000 00409nam a2200169Ia 4500
005 20140403092509.0
008 140130s9999 xx 000 0 und d
050 _aPZ 7
_b.B14032Ho 1998
245 _cBaglio, Ben M.
_aHound at the hospital
260 _bScholastic,
_c1998
300 _a133 p. :
_bill. ;
_c20 cm.
440 _v1
521 _aG4
526 _c640
942 _cBK
_2lcc
999 _c40840
_d40840